00445nam a2200157Ia 4500008004100000020001600041041001200057082001900069100001600088245010500104250000900209260003400218300000800252650001200260700001500272221030s9999 xx 000 0 und d a817515 490X aEnglish a105.23bJaffe, aE. D. Jaffe 0aBarron`s How to Prepare for the GMAT Graduate Management Admission Testcby E. D. Jaffe, S. Hilbert a13th bGalgotia PubaNew Delhic2005 a579 aGeneral aS. Hilbert